000 00678nam a2200229Ia 4500
003 OSt
005 20221005133811.0
006 a|||||r|||| 00| 0
007 ta
008 221004b |||||||| |||| 00| 0 pan d
024 _a63357
037 _cTextual
040 _aCRL
_cCRL
_bpan
041 _2pan
_apan
082 _aO153,3:g, M3
100 _aਸੋਹੀ, ਸੁਭਾਗ, ਂਚ.
245 0 _aਪੰਜਾਬੀ ਨਾਵਲ ਵਿਚ ਯਥਾਰਥ-ਚਿਤ੍ਰਣ
260 _c1983
650 _aਪੰਜਾਬੀ ਸਾਹਿਤ
942 _hO153,3:g, M3
_cTEXL
_2cc
999 _c1067918
_d1067918